MARC details
| 000 -CABECERA |
| campo de control de longitud fija |
01111nam a2200241 a 4500 |
| 001 - NÚMERO DE CONTROL |
| campo de control |
000027958 |
| 005 - FECHA Y HORA DE LA ÚLTIMA TRANSACCIÓN |
| campo de control |
20200930031231.0 |
| 008 - DATOS DE LONGITUD FIJA--INFORMACIÓN GENERAL |
| campo de control de longitud fija |
110406s1999 dr abd 000 | spa d |
| 040 ## - FUENTE DE LA CATALOGACIÓN |
| Centro catalogador/agencia de origen |
DO-SdBNP |
| Lengua de catalogación |
spa |
| Centro/agencia transcriptor |
BNPHU |
| 082 ## - NÚMERO DE LA CLASIFICACIÓN DECIMAL DEWEY |
| Número de clasificación |
xxx |
| Número de documento/Ítem |
R426L |
| 049 ## - FONDOS LOCALES (OCLC) |
| Fondos de biblioteca |
BNPD |
| 110 1# - ENTRADA PRINCIPAL--NOMBRE DE ENTIDAD CORPORATIVA |
| Nombre de entidad corporativa o nombre de jurisdicción como elemento de entrada |
República Dominicana. |
| Unidad subordinada |
Presidencia de la República. |
| -- |
Consejo Nacional de Asuntos Urbanos |
| 9 (RLIN) |
54715 |
| 245 10 - MENCIÓN DE TÍTULO |
| Título |
Lineamientos de políticas de desarrollo urbano para la ciudad de Salcedo / |
| Mención de responsabilidad, etc. |
Julio Corral, Marcos A. Gómez, José Bencosme, Sonia Peralta, Francis Ramos ; edición de Rosa A. María ; prólogo de Mercedes Sabeter de macarrulla. |
| 260 ## - PUBLICACIÓN, DISTRIBUCIÓN, ETC. |
| Lugar de publicación, distribución, etc. |
Santiago de los Caballeros : |
| Nombre del editor, distribuidor, etc. |
Consejo Nacional de Asuntos Urbanos (CONAU); |
| -- |
Centro de Estudios Urbanos y Regionales (PUCMM), |
| Fecha de publicación, distribución, etc. |
1999. |
| 300 ## - DESCRIPCIÓN FÍSICA |
| Extensión |
132 p. : |
| Otras características físicas |
il., mapas, diagr. ; |
| Dimensiones |
28 cm. |
| 700 1# - PUNTO DE ACCESO ADICIONAL--NOMBRE DE PERSONA |
| Nombre de persona |
Sabeter de macarrulla, Mercedes, |
| Término indicativo de función/relación |
pról. |
| 9 (RLIN) |
55023 |
| 700 1# - PUNTO DE ACCESO ADICIONAL--NOMBRE DE PERSONA |
| Nombre de persona |
Corral, Julio C. |
| 9 (RLIN) |
44072 |
| 700 1# - PUNTO DE ACCESO ADICIONAL--NOMBRE DE PERSONA |
| Nombre de persona |
María, Rosa A., |
| Término indicativo de función/relación |
ed. |
| 9 (RLIN) |
43935 |
| 700 1# - PUNTO DE ACCESO ADICIONAL--NOMBRE DE PERSONA |
| Nombre de persona |
Gómez, Marcos A. |
| 9 (RLIN) |
55024 |
| 700 1# - PUNTO DE ACCESO ADICIONAL--NOMBRE DE PERSONA |
| Nombre de persona |
Bencosme, José |
| 9 (RLIN) |
55026 |
| 700 1# - PUNTO DE ACCESO ADICIONAL--NOMBRE DE PERSONA |
| Nombre de persona |
Peralta, Sonia |
| 9 (RLIN) |
55027 |
| 700 1# - PUNTO DE ACCESO ADICIONAL--NOMBRE DE PERSONA |
| Nombre de persona |
Ramos, Francis |
| 9 (RLIN) |
55028 |